000 00608nam a2200217 i 4500
001 bg
100 1 _aGLAZUNOV, Jurij
245 1 0 _aMetody wariacyjne rozwiązywania równań różniczkowych /
_cJurij Głazunow.
260 _aGdańsk :
_bWydaw. Politechniki Gdańskiej,
_c2001.
300 _a376 s. :
_bwykr. ;
_c24 cm.
504 _aBibliogr.
650 9 _aRównania różniczkowe
655 _aPodręczniki akademickie
020 _a8388007599
040 _cBPK
041 0 _apl
080 _a517.9(075.8)
920 _a83-88007-59-9
942 _cKS
008 s pl f |000 0 pol
999 _c40005
_d40005
856 _uhttp://koha.tu.koszalin.pl/cgi-bin/koha/opac-detail.pl?biblionumber=40005
_yKatalog online BPK